Italian Landmarks Map Quiz - Statistics

General Stats
  • This quiz has been taken 409 times
  • The average score is 9 of 20
Answers on the Map
Answers color-coded by a green-red scale on the quiz's map according to % correct below.
 
Answer Stats
Answer % Correct
Colosseum
81%
Leaning Tower
70%
Pompeii Ruins
69%
Etna
64%
Matterhorn
64%
Garda Lake
60%
Doge's Palace
56%
Rimini
50%
La Scala
45%
Ponte Vecchio
44%
Basilica of St. Francis of Assisi
41%
Sassi di Matera
32%
Museo Egizio
29%
Su Nuraxi
29%
Valle dei Templi
29%
Castel del Monte
26%
Tropea
26%
Via Giuseppe Garibaldi
24%
Piazza Sant'Oronzo
18%
Santa Maria di Collemaggio
15%
No matching quizzes found
Score Distribution
Percent of People with Each Score
Percentile by Number Answered
Your Score History
You have not taken this quiz